LEADER 00853nam0 22002531i 450 001 RML0299461 005 20231121125742.0 100 $a20121121d1982 ||||0itac50 ba 101 | $aita 102 $ait 181 1$6z01$ai $bxxxe 182 1$6z01$an 200 1 $aFattori$fDario Durbé$ge la scuola di Castiglioncello 210 $aRoma $cDe Luca $d©1982 215 $a207 p.$cill.$d29 cm 700 1$aDurbé$b, Dario$3RMLV193330$0398864 801 3$aIT$bIT-01$c20121121 850 $aIT-FR0017 899 $aBiblioteca umanistica Giorgio Aprea$bFR0017 912 $aRML0299461 950 0$aBiblioteca umanistica Giorgio Aprea$d 52CIS 11/329$e 52VM 0000694025 VM barcode:67622-10. - Inventario:21929 MAGVM$fA $h20070612$i20121204 977 $a 52 996 $aFattori$93629595 997 $aUNICAS